Focus : Michel Blanc (QCM) - Statistiques

Statistiques générales
  • Ce quiz a été pris 25 fois
  • Le résultat moyen est 6 sur 10
Statistiques - réponses
Question Réponse % Correct
Quel était le rôle joué par Michel Blanc dans la saga Les Bronzés ? Jean-Claude Dusse
100%
De quelle troupe d'acteurs faisait-il partie ? Le Splendid
95%
Laquelle de ces répliques n’est pas attribuée à un de ses personnages ? Figurez-vous que Thérèse n’est pas moche, elle n’a pas un physique facile… c’est différent.
86%
Dans quel film incarne-t-il un homme découvrant son homosexualité ? Tenue de soirée
67%
Quel rôle incarne-t-il dans le film "Papy fait de la résistance"? Un homme d'Église
67%
Combien de films a-t-il réalisé ? 5
62%
Qui a réalisé le film "Je vous trouve très beau", où il a le rôle principal ? Isabelle Mergault
62%
Dans lequel des films Les Tuche apparait-il ? Les Tuche 4
48%
De qui son personnage de Monsieur Hire est-il amoureux ? De sa voisine
38%
Pour quel film a-t-il reçu un César ? L'Exercice de l'État
10%
Aucun quiz correspondant
Distribution des résultats
% des personnes avec chaque résultat
Percentile par nombre de réponses
Votre historique - résultats
Vous n’avez pas pris ce quiz